| 000 | 00450nam a2200157 a 4500 | ||
|---|---|---|---|
| 001 | 000035974 | ||
| 005 | 20200930074751.0 | ||
| 008 | 111121s19uu dr a 000 0 spa d | ||
| 040 |
_aDO-SdBNP _bspa _cBNPHU |
||
| 110 | 1 |
_aMuseo de las Casas Reales _961998 |
|
| 245 | 1 | 0 |
_aSala de armas : _bcatalogo /. |
| 260 |
_aSanto Domingo : _bAmigo del Hogar, _c[198?]. |
||
| 300 |
_a83 p. : _bil. ; _c26 cm. |
||
| 504 | _aBibliografía : p. 81-82 | ||
| 049 | _aBNPD | ||
| 999 |
_c35465 _d35465 |
||